Actors of 1995 - Statistics

General Stats
  • This quiz has been taken 7 times
  • The average score is 2 of 6
Answer Stats
Movie Actor % Correct
Wonka Timothee Chalamet
100%
Blue Beetle Bruna Marquezine
40%
Dungeons & Dragons: Honor Among Thieves Justice Smith
20%
The Flash Sasha Calle
20%
Spiderman: Into the Spiderverse Shameik Moore
20%
Descendants 2 Thomas Doherty
20%
No matching quizzes found
Score Distribution
Percent of People with Each Score
Percentile by Number Answered
Your Score History
You have not taken this quiz